Personnage mystère #29 - Statistiques

Statistiques générales
  • Ce quiz a été pris 327 fois
  • Le résultat moyen est 6 sur 7
Statistiques - réponses
Lettres Indices % Correct
SILF Fils
100%
LOWNC Clown
97%
SOIPONS Poisson
97%
NUQUEI Unique
88%
PÉPANIDK Kidnappé
83%
PÉDANCHIA Handicapé
82%
Nom du personnage Nemo
82%
Aucun quiz correspondant
Distribution des résultats
% des personnes avec chaque résultat
Percentile par nombre de réponses
Votre historique - résultats
Vous n’avez pas pris ce quiz